000 01551nam1a2200337 i 4500
001 RU\NLR\bibl\1694399
005 20260408003145.0
035 _a(NLR Aleph) 001685502
090 _a1128063
_c1128063
100 _a20101103g20099999u y0rusy50 ca
101 0 _arus
102 _aRU
105 _a||||z |||||
200 1 _aГодовой отчет
_dAnnual report
_fОАО "РАО энерг. системы Востока" РАО ЕС Востока
_zeng
210 _aХабаровск
_cДизайн-студия "Пилигрим"
_d[2009]
215 _d30
300 _aТекст на рус. и англ. яз.
463 0 _10011432229
463 0 _10011668061
463 0 _10011809317
510 1 _6z01791
_aAnnual report
_zeng
601 0 2 _a"РАО Энергетические системы Востока", открытое акционерное общество
_cБлаговещенск, город; Амурская область
_jГодовые отчеты
_92607056
_3RU\NLR\auth\661543614
686 _aУ30(2)571.092(2Р-4Ам)
710 0 2 _a"РАО Энергетические системы Востока", открытое акционерное общество
_cБлаговещенск
_9774316
_3RU\NLR\AUTH\8810139619
791 0 2 _4070
_7ba
_8eng
_a"RAO energy system of East", joint stock company
_cBlagoveshensk
_9831127
_3RU\NLR\auth\8810167658
801 0 _aRU
_bNLR
_c20101103
_gRCR
801 1 _aRU
_bNLR
_c20101103
852 _aNLR
_j2009-8/3019
942 _cBOOK